000 00871nas a2200289 4500
001 BR2017001903
003 BR-BrBNA
005 20231205131023.0
007 ta
008 230509b bl.|||p| |||| 00| 00por d
040 _aBR-BrBNA
_bpor
_cBiblioteca Nacional de Agricultura
041 _a(Pt)
072 _aF01
100 1 _aHirata, A.C.S.
100 1 _aHirata, E.K.
100 1 _aMonquero, P.A.
245 1 _aManejos do solo associados a telas de sombreamento no cultivo da cebolinha no verão
650 _aHORTALIÇA
650 _aCEBOLINHA
650 _aSOMBREAMENTO
650 _aPRÁTICA CULTURAL
650 _aMANEJO DO SOLO
650 _aPRODUÇÃO VEGETAL
773 0 _tHorticultura Brasileira (Brazil)
_xISSN 0102-0536
_g(Apr-Jun 2017), v. 35(2) p. 298-304
_wBR2017001903
909 _a202311
_bLúcia
_c55
_dLúcia Elande
942 _2AGRIS
_n0
_cANA
999 _c252620
_d252620